| 000 | 00941nam a22002537a 4500 | ||
|---|---|---|---|
| 003 | BUBTL | ||
| 008 | 171029b xxu||||| |||| 00| 0 eng d | ||
| 020 | _a9789353066475 | ||
| 082 | _a658.5/ K857o/ 2019 | ||
| 100 |
_91456 _aKrajewski, Lee J. |
||
| 245 |
_aOperations Management: _bProcesses and Supply Chains / _c Lee J. Krajewski, Manoj K. Malhotra, Larry P. Ritzman, Samir K. Srivastava |
||
| 250 | _a12th ed. | ||
| 260 |
_aNew Delhi: _bPearson, _cc2019 |
||
| 300 |
_axxv, 647 p .: _bill.; _c25 cm. |
||
| 500 | _aIncludes Index . | ||
| 505 | _aOperations Management, Lee J. Krajewski, Larry P. Ritzman, Manoj K. Malhotra, Samir K. Srivastava, Processes, Supply Chains | ||
| 650 | 0 |
_939 _aManagement |
|
| 700 |
_94402 _aMalhotra, Manoj K. |
||
| 700 |
_94401 _aRitzman, Larry P. |
||
| 700 |
_94403 _aSrivastava, Samir K. |
||
| 856 |
_k0 _l0 _yDownload |
||
| 942 |
_2ddc _cBK |
||
| 999 |
_c6582 _d6582 |
||